[Event "Berlin Lichtenberger op 12th"]
[Site "Berlin"]
[Date "2013.08.24"]
[Round "8"]
[White "Korb, Viktor"]
[Black "Boeck, Moacir Luis"]
[Result "1/2-1/2"]
[WhiteElo "1691"]
[BlackElo "1829"]
[PlyCount "167"]
[EventDate "2013.08.17"]
[EventType "swiss"]
[EventRounds "9"]
[EventCountry "GER"]
[SourceTitle "CBM 156 Extra"]
[Source "ChessBase"]
[SourceDate "2013.10.22"]
[SourceVersion "1"]
[SourceVersionDate "2013.10.22"]
[SourceQuality "1"]

1. e4 e5 2. Nf3 Nc6 3. Bb5 a6 4. Ba4 Nf6 5. 0-0 b5 6. Bb3 Bc5 7. c3 d6 8. d4 exd4 9. cxd4 Bb6 10. h3 h6 11. Re1 0-0 12. Nc3 Ba5 13. a3 Re8 14. Bc2 Ne7 15. b4 Bb6 16. Bb2 Nd7 17. a4 bxa4 18. Bxa4 c6 19. Bb3 Bb7 20. Bc4 d5 21. Bd3 dxe4 22. Nxe4 Nd5 23. Qb3 N7f6 24. Nc5 Bxc5 25. dxc5 Qc7 26. Ne5 Nf4 27. Bc4 N4d5 28. Nf3 Rxe1+ 29. Rxe1 Re8 30. Rxe8+ Nxe8 31. Bxd5 cxd5 32. Be5 Qc6 33. Nd4 Qg6 34. Qc3 Qe4 35. c6 Bc8 36. Qg3 Qe1+ 37. Kh2 Qxb4 38. c7 Qb6 39. Qc3 f6 40. Bg3 Nd6 41. Qc6 Qxc6 42. Nxc6 Nf5 43. Na7 Bb7 44. c8Q+ Bxc8 45. Nxc8 Kf7 46. Nb6 Ke6 47. Bf4 Nd4 48. Be3 Nc2 49. Bd2 Ke5 50. Kg1 Ke4 51. Kf1 Kd3 52. Ba5 d4 53. Nd5 Kc4 54. Nc7 d3 55. Ne8 Kb5 56. Bc3 Kc4 57. Bd2 Kb3 58. Nxg7 Na1 59. Ke1 Kc2 60. Nf5 Nb3 61. Ne3+ Kb2 62. Nc4+ Kc2 63. Bb4 a5 64. Nxa5 d2+ 65. Bxd2 Nxd2 66. Nc6 Kd3 67. Nd8 Nc4 68. Nf7 h5 69. Nh6 Ke4 70. Ke2 Kf4 71. g3+ Kg5 72. Nf7+ Kg6 73. Nd8 Ne5 74. f4 Nd7 75. Ke3 f5 76. Nc6 Kf6 77. Kd4 Nf8 78. Ne5 Ne6+ 79. Kd5 h4 80. gxh4 Nxf4+ 81. Kd4 Nxh3 82. Nf3 Kg6 83. Ke5 f4 84. Ng1 1/2-1/2

[Event "Berlin Lichtenberger op 12th"]
[Site "Berlin"]
[Date "2013.08.22"]
[Round "6"]
[White "Korb, Viktor"]
[Black "Kuckel, Andreas"]
[Result "1/2-1/2"]
[WhiteElo "1691"]
[BlackElo "1937"]
[PlyCount "59"]
[EventDate "2013.08.17"]
[EventType "swiss"]
[EventRounds "9"]
[EventCountry "GER"]
[SourceTitle "CBM 156 Extra"]
[Source "ChessBase"]
[SourceDate "2013.10.22"]
[SourceVersion "1"]
[SourceVersionDate "2013.10.22"]
[SourceQuality "1"]

1. e4 c5 2. Nf3 a6 3. c3 e6 4. d4 d5 5. e5 Nc6 6. Be3 Qb6 7. Qc2 Bd7 8. Bd3 cxd4 9. Bxd4 Nxd4 10. cxd4 Rc8 11. Nc3 f5 12. exf6 Nxf6 13. 0-0 Bd6 14. Rad1 0-0 15. Qb1 Qc7 16. Rde1 h6 17. Ne5 Bxe5 18. Rxe5 Ng4 19. Bh7+ Kh8 20. Rh5 Nf6 21. Bg6 Nxh5 22. Bxh5 Rf4 23. Bd1 Rxd4 24. Qg6 Be8 25. Qxe6 Bf7 26. Qe3 Rh4 27. Qg3 Qxg3 28. fxg3 d4 29. gxh4 dxc3 30. Rxf7 1/2-1/2